|
|
|
|
| LEADER |
00000nam a2200000 a 4500 |
| 001 |
vtls001260562 |
| 003 |
SK-MaSNL |
| 005 |
20260301234457.0 |
| 008 |
240314s1846 xx 0 lat |
| 035 |
|
|
|a SNK000211406
|
| 040 |
|
|
|a SNK
|b slo
|c SNK
|e AACR2
|
| 041 |
0 |
|
|a lat
|
| 044 |
|
|
|a xx
|
| 100 |
1 |
|
|a Kopácsy, Josephus
|4 aut
|9 509025
|
| 245 |
1 |
0 |
|a Admodum Reverende, Reverendi Domini, Vice-Archi-Diacone, Parochi, et Parochiarum Administratores; ... Quo major ...
|c Josephus Kopácsy
|
| 260 |
|
|
|a [Strigonium]
|c 1846
|
| 300 |
|
|
|a [3] s.
|c 2°
|
| 958 |
|
|
|a ONDV
|
| 958 |
|
|
|a RK
|
| 999 |
|
|
|c 970203
|d 972133
|
| 952 |
|
|
|t P60, <04>, [BOOK], {604}
|a SNK
|b SNK
|y VYP
|7 0
|o snkIA 610, prív. 2.
|i snkF 1963/79
|0 0
|1 0
|4 0
|d 1996-05-23
|l 0
|r 2005-01-01 00:00:00
|w 2026-02-24
|